000 00618nmm a2200169Ia 4500
008 251105s9999||||xx |||||||||||||||||und||
020 _a9788437075938
041 _aspa
100 _aFarinós Dasí, Joaquín
245 0 _aCohesión e inteligencia territorial :
_b Dinámicas y procesos para una mejor planificación y toma de decisiones
264 _a[Madrid, España] :
_bPublicaciones de la Universidad de Valencia (PUV),
_c2010
300 _a360 páginas
490 _aDesarrollo territorial
650 _aPolitical Science (General)
856 _uhttps://public.digitaliapublishing.com/a/35283
942 _cCF
999 _c82488
_d82488